00692nam a22001697a 450000500170000001000130001702000140003003500130004403700160005708200100007310000330008324501580011624601020027426000500037627000730042630000230049920200814155741.0 aB-208941 c150.00a- aB-208941 bBPPD/PUBa- a070.4 aصا لحہ عبد اللہ  aا ر د و صحا فت ميں ا ظہا ر و ا بلا غ کے مختلف پير ا ۓ کا تنقيد ی جا يز ہ cصا لحہ عبد اللہ  bUrdu Sahafat mein Izhar-o-Iblagh ke Mukhtalif Perai Ka Tanqidi Jaiza (Urdu)aby Saleha Abdullah  aDelhibEducational publishing House c2006 ء a3108,Vakil Street,kucha Pandit,Lal kuan,bDelhie110006k23216162l- a176 ص c22 Cm(Hb)